MDQL
is popping MORE tags! Check the
thread
!
Quizzes
Events
Quiz Creation
Community
Videos
Private Events
Remove Ads
Sign In
Join for FREE
Feedback
Dark Mode
Quiz Categories
Sports
Geography
Music
Movies
Television
Just For Fun
Miscellaneous
History
Literature
Language
Science
Gaming
Entertainment
Religion
Holiday
For Kids
Quiz Lab
Recent
Popular Today
Quiz Kudos Today
Editor Picks
Curator Picks
Quizzes by...
Day
Popularity
Type
Ratings
Length
Year
Community
Subscriptions
Recent Discussions
Orange Saloon
Badges
Playlists
Quests
Create
Leaderboards
Showdown
Live 5
Trivia Bingo
Activity
Puzzle Library
Sporcle Events
Private Events
Virtual Trivia
Globe League
Become a Host
Pub Owners
SporcleCon
Opinionation
Our Games
Videos
Blog
Mobile Apps
Partnerships
Remove Ads and Go Orange
Feedback
Sports
Athletes
MLB
NBA
NHL
NFL
Soccer
Sports Teams
WWE
NCAA
Football
Premier League
Basketball
Baseball
Hockey
Golf
Tennis
Cricket
Rugby
Auto Racing
Olympics
World Cup
Sports
Athletes
MLB
NBA
NHL
NFL
Soccer
Sports Teams
WWE
NCAA
Football
Premier League
Basketball
Baseball
Hockey
Golf
Tennis
Cricket
Rugby
Auto Racing
Olympics
World Cup
Random Quiz
Search Sporcle
×
Quiz Lab
Quiz Lab
Sports
Average
Type in answers that appear in a list
Type in answers that appear in a list
Classic
Best Score? Go Orange.
People in Top 100 for 3x3 Averages in USA Stats
Can you name everyone in Top 100 for 3x3 Averages in USA?
By
FirmlyGraspMe
20m
100 Questions
55 Plays
55 Plays
55 Plays
Comments
Comments
Give Quiz Kudos
Give Quiz Kudos
-
- Ratings
hide this ad
Replay
Link that replays current quiz
Next Quiz
Link to next quiz in quiz playlist
You Got
0%
They Got
Avg Score
29%
Avg Friend Score
Upgrade to see
Score Distribution
Jump to the score distribution portion of the page
Score
0/100
Timer
20:00
0
Plays Today
Name
% Correct
Lucas Etter
87.3%
Drew Brads
85.5%
Collin Burns
78.2%
Christopher Olson
76.4%
Rami Sbahi
74.5%
Kevin Costello III
70.9%
Kevin Hays
69.1%
Anthony Brooks
67.3%
Kennan LeJeune
67.3%
Rowe Hessler
67.3%
Mitchell Lane
67.3%
Keaton Ellis
63.6%
Justin Mallari
56.4%
Pavan Ravindra
54.5%
Andy Denney
54.5%
Nathan Soria
50.9%
Patrick Ponce
49.1%
Andrew Ricci
49.1%
Nathan Dwyer
49.1%
Andrew Huang
49.1%
Andy Smith
45.5%
Phillip Lewicki
45.5%
Riley Woo
45.5%
Zach Goldman
43.6%
Samantha Raskind
41.8%
Walker Welch
41.8%
James Hamory
40%
Blake Thompson
40%
Tim Wong
40%
Ben Yu
38.2%
John Brechon
38.2%
Evan Liu
38.2%
Edward Lin
36.4%
Jonah Crosby
36.4%
Name
% Correct
Tanzer Balimtas
36.4%
Brandon Huang
36.4%
Jabari Nuruddin
36.4%
Nick Stanton
34.5%
Phillip Espinoza
32.7%
Andrew Park
32.7%
Daniel Wannamaker
30.9%
Dan Cohen
30.9%
Andrew Kang
30.9%
Shane Grogan
29.1%
Daniel Karnaukh
29.1%
Alex Johnson
27.3%
Ravi Fernando
27.3%
Jeremy Fleischman
27.3%
Weston Mizumoto
27.3%
Andy Tsao
25.5%
Austin Moore
25.5%
Patricia Li
23.6%
Henry Savich
21.8%
Justin Adsuara
20%
Arlo Sims
20%
Austin Reed
20%
Paul Mahvi
18.2%
Max Park
18.2%
Ishmam Mirza
18.2%
Dan Selzer
18.2%
Ryan Przybocki
18.2%
Sean Belke
18.2%
Ian Bourn
18.2%
Everett Kelly
16.4%
Timothy Sun
16.4%
Michael Young
16.4%
Ankush Hommerich-Dutt
14.5%
Brian Johnson
14.5%
Name
% Correct
David Ludwig
12.7%
Samuel Brenner
10.9%
David Nguyen
10.9%
John Tamanas
10.9%
Katie Hull
10.9%
Sumeet Agarwal
10.9%
Cameron Brown
10.9%
Michael Gottlieb
10.9%
Waris Ali
9.1%
Andrew Sopchak
9.1%
Daniel Maienshein
9.1%
Anders Bogan
9.1%
Alex Koroglu
9.1%
Ansuman Somasundaram
9.1%
William Boards
9.1%
Ethan Crislip
9.1%
Deven Nadudvari
7.3%
Kavin Tangtartharakul
7.3%
Peter Chau
7.3%
Melissa Su
7.3%
Luke Tycksen
5.5%
Samuel Chiu
5.5%
Kevin Zeng
5.5%
Justin Thomas
5.5%
David Woner
5.5%
James Donahue
5.5%
Dylan Cook
5.5%
Isaac Wappes
5.5%
Arin Chang
1.8%
Dylan Hughlett
1.8%
Trenton Beatty
1.8%
Mitchell Stern
1.8%
Quiz Playlist
Details
Report
Send in Message
Add To Playlist
Classic:
Type in answers that appear in a list
Last Updated: Feb 16, 2017
Quiz Scoreboard
CHALLENGE
Sign Up to Join the Scoreboard
Show All
Scores
Hide
Comments
May contain spoilers
Recently Published
Two Season TV Shows II
by 123Four
Television
10m
Image Sorting: Flags VI
by Barbecue
Geography
2m
Find the 'City' Movie
by crazypaving
Movies
60s
More to Explore
Quiz From the Vault
Featured Blog Post
14 Easter Pick-up Lines to Find Eggs With
hide this ad
You Might Also Like...
Tags
100
3x3
Average
Everyone
Top 100
USA
Today's Top Quizzes in Sports
Browse Sports
hide this ad
Today's Top Quizzes in Average
Browse Average
Top Contributed Quizzes in Sports
1
Les meilleurs buteurs des matchs entre le PSG et l’OM
2
Les entraîneurs de l'OM et du PSG au 21e siècle
3
2022 World Cup Stars
4
Les joueurs passés par le PSG et l'OM
5
Players with Multiple 50 Home Run Seasons
6
FIFA Club World Cup Champions
7
Criteria MLB: Left Handed Sluggers
8
Les joueurs passés par le LOSC et le RC Lens
9
Top 10 NHL Goal Scorers of All Time
10
MLB Players with Two .350 Batting Average Seasons
Explore More
Trending Topics
NBA
Anime
Harry Potter
Marvel
Disney
Crossword
Kpop
Soccer
Puzzle
WWE
NFL
Pokémon
Song
The Office
Country
hide this ad
More By:
FirmlyGraspMe
Quiz
Plays
Rating
Category
Featured
Created
Pokemon Type Weaknesses and Advantages (Gen VI)
228
5.00
Gaming
Aug 28, 2015
3x3 Top 100 2017
86
Sports
Jan 15, 2018
People in Top 100 for 3x3 Averages in USA
55
Sports
Aug 14, 2015
People in Top 100 for 3x3 One-Handed Average
19
Sports
Aug 13, 2015
Go to Creator's Profile
Score Distribution
Quiz Creator Spotlight
FirmlyGraspMe
Follow
Send a Message
Quizzes Created
-
Created Quiz Play Count
-
More By This Creator
Popular Quizzes Today
1
Find the US States - No Outlines Minefield
2
Colored Red Africa Blitz
3
Find the 'City' Movie
4
5x2 Blitz: Bands
5
The Countries of the World
6
Find the Countries of Europe - No Outlines Minefield
7
Find the US States
8
US States
More Sports Quizzes
NBA 2019-2020 Awards Finalists & Winners
Quiz Lab
Trending Quizzes
Colored Red Europe Blitz I
Colored Red Africa Blitz II
Colored Red Europe Blitz II
Colored Red Africa Blitz III
Colored Red Europe Blitz III
Recently Updated
How Do You Spell That?
pecheneg
Godzilla Movies
pecheneg
Grab Bag: 4-10 Letters
pecheneg
2024 March Madness Bracket
pecheneg
Famous TV Couples
Peacemaker
Champions League XIs: Real Madrid
pecheneg
Largest US Cities 1790-2010
pecheneg
Rides in Walt Disney World
pecheneg
Most Oscar Losses (Acting)
pecheneg
Beyoncé Albums
pecheneg
Trending Topics
Marvel
Disney
NBA
Anime
Crossword
Harry Potter
Kpop
Pokémon
Song
Soccer
Country
Puzzle
WWE
The Office
NFL
Your Account Isn't Verified!
In order to create a playlist on Sporcle, you need to verify the email address you used during registration. Go to your
Sporcle Settings
to finish the process.
Report this User
Report this user for behavior that violates our
Community Guidelines
.
Details:
Send Report
Go to the Sporcle.com Mobile Site →
Comments